Historia de los vascos en el descubrimiento, conquista y civilización de América / (Record no. 83810)

MARC details
000 -LEADER
campo de control de longitud fija 00863nam a2200193 i 4500
001 - NÚMERO DE CONTROL
campo de control 83810
003 - IDENTIFICADOR DE NÚMERO DE CONTROL
campo de control ES-MaACL
005 - FECHA Y HORA DE LA ÚLTIMA TRANSACCIÓN
campo de control 20250831063035.0
007 - CAMPO FIJO DE DESCRIPCIÓN FÍSICA--INFORMACIÓN GENERAL
campo de control de longitud fija t|
008 - DATOS DE LONGITUD FIJA--INFORMACIÓN GENERAL
campo de control de longitud fija 041118m19141919sp ||||1| spa d
100 1# - ENTRADA PRINCIPAL--NOMBRE DE PERSONA
Nombre de persona Ispizua, Segundo de,
Fechas asociadas al nombre 1869-1924
9 (RLIN) 65593
245 10 - MENCIÓN DEL TÍTULO
Título Historia de los vascos en el descubrimiento, conquista y civilización de América /
Mención de responsabilidad, etc. Segundo de Ispizua.
260 ## - PUBLICACIÓN, DISTRIBUCIÓN, ETC.
Lugar de publicación, distribución, etc. Bilbao :
Nombre del editor, distribuidor, etc. [s.n.,
Fecha de publicación, distribución, etc. 1914-19 (
Fabricante José B. de Lerchindi)
300 ## - DESCRIPCIÓN FÍSICA
Extensión 6 v. ;
Dimensiones 19 cm.
500 ## - NOTA GENERAL
Nota general Desde el V. III se publica con el tít. "Los vascos en América: historia de América.
505 8# - NOTA DE CONTENIDO CON FORMATO
Nota de contenido con formato Contiene: T. I: Descubrimiento de América. -- T. II: Descubrimiento y conquista de México. -- T. III: Panamá: conquista y colonización. Perú: descubrimientos y conquista. -- T. IV: Venezuela
852 ## - LOCALIZACIÓN
Ubicación ES-MaACL
Número de control de estantería F-5890-95
Holdings
Estatus retirado Estado de pérdida Estado de daño No para préstamo Biblioteca de origen Biblioteca actual Ubicación en estantería Fecha de adquisición Fuente de adquisición Total de préstamos Signatura topográfica completa Código de barras Visto por última vez Precio de reemplazo Tipo de ítem Koha
        Biblioteca del Ateneo de Madrid Biblioteca del Ateneo de Madrid Depósito 2 17/01/2008     F-5890-95 1087590 23/02/2023 23/02/2023 Libro impreso